[Event "SVK-chT2A 1415"]
[Site "Slovakia"]
[Date "2014.12.06"]
[Round "5.7"]
[White "Vrtiakova, Anna"]
[Black "Jurcak, Marian"]
[Result "1-0"]
[WhiteElo "1966"]
[BlackElo "1856"]
[PlyCount "73"]
[EventDate "2014.10.11"]
[EventType "team-tourn"]
[EventRounds "11"]
[EventCountry "SVK"]
[SourceTitle "EXT 2016"]
[Source "ChessBase"]
[SourceDate "2015.10.08"]
[SourceVersion "1"]
[SourceVersionDate "2015.10.08"]
[SourceQuality "1"]
[WhiteTeam "Bratislava KSN"]
[BlackTeam "Devinska Nova Ves II"]
[WhiteTeamCountry "SVK"]
[BlackTeamCountry "SVK"]

1. e4 c5 2. Nf3 d6 3. Bb5+ Bd7 4. Bxd7+ Qxd7 5. 0-0 Nc6 6. d4 cxd4 7. Nxd4 Nf6 8. Re1 g6 9. c4 Bg7 10. Nc3 a6 11. h3 0-0 12. Be3 Rac8 13. b3 b5 14. Nd5 Qb7 15. Rb1 Nxe4 16. Nxc6 Rxc6 17. Bd4 e6 18. Bxg7 Kxg7 19. Qd4+ Kg8 20. Nb4 f5 21. Nxc6 Qxc6 22. cxb5 axb5 23. Rbc1 Qd7 24. Rc2 Rc8 25. Rec1 Rxc2 26. Rxc2 Kf7 27. Qh8 Nf6 28. Rc8 Qe7 29. Rb8 e5 30. Qc8 Nd7 31. Rb7 Ke6 32. Rxb5 e4 33. a4 Qf6 34. Qe8+ Qe7 35. Qxe7+ Kxe7 36. a5 Nc5 37. Rxc5 1-0

[Event "SVK-chT2A 10/11"]
[Site "Slovakia"]
[Date "2011.03.06"]
[Round "9.7"]
[White "Nemsak, Denis"]
[Black "Jurcak, Marian"]
[Result "1-0"]
[WhiteElo "1791"]
[BlackElo "1953"]
[PlyCount "126"]
[EventDate "2010.10.23"]
[EventType "team-tourn"]
[EventRounds "11"]
[EventCountry "SVK"]
[SourceTitle "EXT 2019"]
[Source "ChessBase"]
[SourceDate "2018.10.10"]
[SourceVersion "1"]
[SourceVersionDate "2018.10.10"]
[SourceQuality "1"]
[WhiteTeam "Piestany Kupele"]
[BlackTeam "Devinska Nova Ves"]
[WhiteTeamCountry "SVK"]
[BlackTeamCountry "SVK"]

1. c4 e6 2. Nc3 d5 3. d4 Nf6 4. g3 Be7 5. Bg2 0-0 6. Nf3 b6 7. 0-0 Bb7 8. b3 c5 9. cxd5 Nxd5 10. Nxd5 Bxd5 11. Qd3 cxd4 12. Bb2 Bf6 13. Bxd4 Bxd4 14. Qxd4 Nc6 15. Qd2 Qf6 16. Rac1 Rfd8 17. Qc3 Rac8 18. Qc2 h6 19. e4 Ne7 20. Qd2 Bxe4 21. Rxc8 Rxc8 22. Qe3 Bd5 23. Nd4 Bxg2 24. Kxg2 Nd5 25. Qe4 Rc5 26. Re1 a5 27. Nf3 Nc3 28. Qa8+ Kh7 29. Qb7 Nd5 30. Re2 Rc3 31. Ne5 Rc7 32. Qb8 Qe7 33. Nc4 Qc5 34. Ne3 Nxe3+ 35. Rxe3 b5 36. Qe8 Qd5+ 37. Kh3 Qf5+ 38. Kg2 Kg6 39. g4 Qd5+ 40. Rf3 b4 41. h4 e5 42. Qg8 h5 43. gxh5+ Kxh5 44. Qh7+ Kg4 45. Qf5+ Kxh4 46. Kh2 Qxf3 47. Qxf3 f6 48. Qe4+ Kg5 49. Kg2 g6 50. Qd5 Ra7 51. Qc5 Ra8 52. Qc6 Ra7 53. Qb6 Rd7 54. Qxa5 Rd4 55. a3 bxa3 56. Qxa3 f5 57. Qe7+ Kg4 58. Qxe5 Rb4 59. Qd6 Rb5 60. Qxg6+ Kf4 61. Qc6 Re5 62. Qd6 Ke4 63. f3+ Kf4 1-0

[Event "SVK-chT2A 10/11"]
[Site "Slovakia"]
[Date "2010.12.05"]
[Round "4.8"]
[White "Takacs, Laszlo"]
[Black "Jurcak, Marian"]
[Result "0-1"]
[WhiteElo "1921"]
[BlackElo "1953"]
[PlyCount "126"]
[EventDate "2010.10.23"]
[EventType "team-tourn"]
[EventRounds "11"]
[EventCountry "SVK"]
[SourceTitle "EXT 2019"]
[Source "ChessBase"]
[SourceDate "2018.10.10"]
[SourceVersion "1"]
[SourceVersionDate "2018.10.10"]
[SourceQuality "1"]
[WhiteTeam "Dunajska Streda SK II"]
[BlackTeam "Devinska Nova Ves"]
[WhiteTeamCountry "SVK"]
[BlackTeamCountry "SVK"]

1. e4 e5 2. Nf3 Nc6 3. Bb5 a6 4. Ba4 Nf6 5. 0-0 Be7 6. Re1 b5 7. Bb3 d6 8. c3 0-0 9. h3 Nb8 10. d4 Nbd7 11. Nbd2 Bb7 12. Bc2 Re8 13. Nf1 Bf8 14. Ng3 g6 15. Bg5 h6 16. Bd2 c5 17. d5 c4 18. Be3 a5 19. Qd2 Kh7 20. Nh2 Rc8 21. a4 Ba6 22. axb5 Bxb5 23. Qe2 Nc5 24. Ng4 Nxg4 25. Qxg4 Bd7 26. Qe2 Nb3 27. Rad1 Bg7 28. Rf1 Rf8 29. Bxb3 cxb3 30. Qa6 a4 31. Qxd6 Bb5 32. Qxd8 Rfxd8 33. Rfe1 Bf8 34. Ra1 Ra8 35. Nf1 Bd3 36. Nd2 Bc2 37. f3 a3 38. Nc4 axb2 39. Nxb2 Ba3 40. Nc4 Bf8 41. Rac1 f6 42. Red1 Bxd1 43. Rxd1 Rac8 44. Na5 Rxc3 45. Bd2 Rd3 46. Kf2 b2 47. Ke2 Ra3 48. Nc4 Rb3 49. Rb1 Rc8 50. Rxb2 Rxb2 51. Nxb2 Rc2 52. Nd3 Kg7 53. Ke3 Kf7 54. Ne1 Ra2 55. Nd3 h5 56. g3 h4 57. Nc1 Bh6+ 58. f4 exf4+ 59. gxf4 Ra3+ 60. Nd3 Bxf4+ 61. Kxf4 Rxd3 62. Be1 g5+ 63. Kg4 Re3 0-1

[Event "Bratislava Doprastav op"]
[Site "Bratislava"]
[Date "2009.07.11"]
[Round "9"]
[White "Jurcak, Marian"]
[Black "Marsina, Stefan"]
[Result "1/2-1/2"]
[WhiteElo "1907"]
[BlackElo "1972"]
[PlyCount "107"]
[EventDate "2009.07.04"]
[EventType "swiss"]
[EventRounds "9"]
[EventCountry "SVK"]
[SourceTitle "EXT 2015"]
[Source "ChessBase"]
[SourceDate "2014.11.20"]
[SourceVersion "1"]
[SourceVersionDate "2014.11.20"]
[SourceQuality "1"]

1. e4 e6 2. d4 d5 3. Nd2 Nf6 4. e5 Nfd7 5. Bd3 c5 6. c3 Nc6 7. Ne2 cxd4 8. cxd4 f6 9. exf6 Nxf6 10. 0-0 Bd6 11. Nf3 0-0 12. Bf4 Bxf4 13. Nxf4 Ne4 14. Ne2 Bd7 15. Bxe4 dxe4 16. Nd2 Qb6 17. Nc4 Qa6 18. b3 Nb4 19. Ne5 Bb5 20. Re1 Bd3 21. Ng3 Nc2 22. Nxe4 Nxe1 23. Nc5 Qd6 24. Qxe1 Bb5 25. Rd1 b6 26. Ne4 Qe7 27. a4 Be8 28. Qe3 Bh5 29. g4 Be8 30. Rc1 Rd8 31. f4 Qb7 32. Ng5 Qd5 33. Rc4 b5 34. axb5 h6 35. Ne4 Bxb5 36. Nc3 Qb7 37. Rb4 a6 38. Nd3 Qc6 39. Nc5 Rde8 40. h3 Kh8 41. Kh2 Rf6 42. h4 Ref8 43. d5 exd5 44. f5 d4 45. Qxd4 Rd6 46. Qf2 Rfd8 47. N5e4 Rd3 48. f6 gxf6 49. Qf4 Kg7 50. Ne2 Qe6 51. N4g3 Qe5 52. Nh5+ Kf7 53. Qxe5 fxe5 54. Nhg3 1/2-1/2

[Event "Bratislava Doprastav op"]
[Site "Bratislava"]
[Date "2009.07.10"]
[Round "8"]
[White "Stanko, Ivan"]
[Black "Jurcak, Marian"]
[Result "0-1"]
[WhiteElo "2009"]
[BlackElo "1907"]
[PlyCount "92"]
[EventDate "2009.07.04"]
[EventType "swiss"]
[EventRounds "9"]
[EventCountry "SVK"]
[SourceTitle "EXT 2015"]
[Source "ChessBase"]
[SourceDate "2014.11.20"]
[SourceVersion "1"]
[SourceVersionDate "2014.11.20"]
[SourceQuality "1"]

1. e4 e5 2. Nf3 Nc6 3. d4 exd4 4. Nxd4 Bc5 5. Be3 Qf6 6. c3 Nge7 7. Bc4 a6 8. 0-0 d6 9. f4 Ng6 10. Qd2 h6 11. b4 Ba7 12. Na3 Nxd4 13. cxd4 0-0 14. Rae1 Re8 15. e5 Qd8 16. Kh1 Bf5 17. Nb1 c6 18. Nc3 d5 19. Bd3 Bxd3 20. Qxd3 Qe7 21. f5 Nxe5 22. dxe5 d4 23. Bxd4 Rad8 24. Qg3 Bxd4 25. f6 Qf8 26. Rf4 Bxe5 27. fxg7 Qxg7 28. Qxg7+ Kxg7 29. Rg4+ Kf8 30. Ne4 f6 31. Rf1 Kf7 32. Nc5 Re7 33. Rh4 Rh8 34. Nd3 h5 35. Rh3 Kg6 36. Rhf3 Rd8 37. h3 Red7 38. Nf2 Rd4 39. a3 Rf4 40. Rxf4 Bxf4 41. Ne4 Be5 42. Nc5 b6 43. Na4 Bc7 44. Nc3 Rd3 45. Ne4 Be5 46. Nf2 Rxa3 0-1

[Event "Bratislava Doprastav op"]
[Site "Bratislava"]
[Date "2009.07.07"]
[Round "5"]
[White "Jurcak, Marian"]
[Black "Dolnak, Michal"]
[Result "1-0"]
[WhiteElo "1907"]
[BlackElo "1710"]
[PlyCount "35"]
[EventDate "2009.07.04"]
[EventType "swiss"]
[EventRounds "9"]
[EventCountry "SVK"]
[SourceTitle "EXT 2015"]
[Source "ChessBase"]
[SourceDate "2014.11.20"]
[SourceVersion "1"]
[SourceVersionDate "2014.11.20"]
[SourceQuality "1"]

1. e4 e5 2. Nf3 Nf6 3. Nxe5 d6 4. Nf3 Nxe4 5. d4 d5 6. Bd3 Bd6 7. 0-0 0-0 8. c4 c6 9. Nc3 Nxc3 10. bxc3 dxc4 11. Bxc4 Bg4 12. Qd3 Bh5 13. Bg5 Qc7 14. h3 h6 15. Bc1 Nd7 16. a4 Nf6 17. Ba3 Bg6 18. Qxg6 1-0

[Event "SVK-chT2A 0708"]
[Site "Slovakia"]
[Date "2008.01.12"]
[Round "7.7"]
[White "Vrba, Michal"]
[Black "Jurcak, Marian"]
[Result "1/2-1/2"]
[WhiteElo "1970"]
[BlackElo "1891"]
[PlyCount "115"]
[EventDate "2007.10.06"]
[EventType "team-tourn"]
[EventRounds "11"]
[EventCountry "SVK"]
[SourceTitle "EXT 2010"]
[Source "ChessBase"]
[SourceDate "2010.11.25"]
[SourceVersion "1"]
[SourceVersionDate "2010.11.25"]
[SourceQuality "1"]
[WhiteTeam "Bratislava Doprastav III"]
[BlackTeam "Devinska Nova Ves"]
[WhiteTeamCountry "SVK"]
[BlackTeamCountry "SVK"]

1. e4 c5 2. c4 Nc6 3. Nc3 Nf6 4. g3 g6 5. Bg2 Bg7 6. Nge2 0-0 7. 0-0 d6 8. h3 Rb8 9. d3 h6 10. Be3 a6 11. Qd2 Kh7 12. f4 e6 13. Kh2 h5 14. Ng1 Nd4 15. Nce2 e5 16. fxe5 dxe5 17. Nxd4 cxd4 18. Bg5 Qd6 19. c5 Qc6 20. b4 Ng8 21. Qc1 Be6 22. Nf3 Rfc8 23. Bd2 Qb5 24. Qb1 f6 25. a4 Qe8 26. a5 Ne7 27. Rf2 Bd7 28. Bf1 Nc6 29. Ra3 Qe7 30. Rb3 Nd8 31. Rb2 Nf7 32. Qd1 Rg8 33. Nh4 Rbf8 34. Bc1 Ng5 35. Nf3 Bh6 36. Nxg5+ fxg5 37. g4 Qe6 38. Kg3 Rf4 39. Bxf4 gxf4+ 40. Kg2 hxg4 41. hxg4 Qe7 42. Be2 Kg7 43. Bf3 Bg5 44. Kf1 Bh4 45. Rh2 Bb5 46. Ke2 Bd7 47. Qh1 g5 48. Qd1 Qe8 49. Qh1 Rh8 50. Qb1 Qc8 51. Qg1 Qc6 52. Qd1 Qc8 53. Qg1 Be6 54. Rh1 Qd7 55. Kd2 Qb5 56. Qf1 Rc8 57. Qb1 Qd7 58. Qf1 1/2-1/2

[Event "SVK-chT1W 0304"]
[Site "Slovakia"]
[Date "2004.??.??"]
[Round "10"]
[White "Jurcak, Marian"]
[Black "Peska, Juraj"]
[Result "0-1"]
[WhiteElo "1985"]
[BlackElo "1725"]
[PlyCount "112"]
[EventDate "2003.10.??"]
[EventType "team"]
[EventRounds "9"]
[EventCountry "SVK"]
[SourceTitle "EXT 2007"]
[Source "ChessBase"]
[SourceDate "2006.11.23"]
[SourceVersion "1"]
[SourceVersionDate "2006.11.23"]
[SourceQuality "1"]

1. e4 c5 2. Nf3 Nc6 3. Bb5 g6 4. 0-0 Bg7 5. c3 d6 6. d4 cxd4 7. cxd4 Bd7 8. Be3 Nf6 9. Nc3 0-0 10. h3 a6 11. Ba4 b5 12. Bc2 Na5 13. e5 Ne8 14. Bf4 Nc4 15. b3 dxe5 16. dxe5 Na5 17. Qd2 Bc6 18. Qe3 Nc7 19. Rad1 Qc8 20. Nd2 Qb7 21. Nce4 b4 22. Nc5 Qc8 23. Nde4 Nd5 24. Qg3 Nxf4 25. Qxf4 Bxe4 26. Bxe4 Qxc5 27. Bxa8 Rxa8 28. Qe4 Rb8 29. Rd5 Qc7 30. Rfd1 Qb7 31. Qd3 Nc6 32. f4 Bh6 33. Qf3 Qb6+ 34. Kh2 Nd8 35. h4 Ne6 36. g3 Rc8 37. R5d3 Rc2+ 38. Kh3 Rf2 39. Qa8+ Kg7 40. Qd5 Bxf4 41. Re1 Rxa2 42. Rf3 Rd2 43. Qc4 Rd4 44. Qf1 Bg5 45. Rxf7+ Kg8 46. Qf3 Bf6 47. Rxf6 exf6 48. exf6 Kf7 49. Re5 Qd6 50. Re3 Qd7 51. g4 h5 52. Kg3 Rxg4+ 53. Kh3 Nf4+ 54. Kh2 Qd2+ 55. Kh1 Qc1+ 56. Kh2 Qg1# 0-1

[Event "SVK-chT1W 0304"]
[Site "Slovakia"]
[Date "2004.??.??"]
[Round "9"]
[White "Mandak, Miroslav"]
[Black "Jurcak, Marian"]
[Result "1-0"]
[WhiteElo "2085"]
[BlackElo "1875"]
[PlyCount "119"]
[EventDate "2003.10.??"]
[EventType "team"]
[EventRounds "9"]
[EventCountry "SVK"]
[SourceTitle "EXT 2007"]
[Source "ChessBase"]
[SourceDate "2006.11.23"]
[SourceVersion "1"]
[SourceVersionDate "2006.11.23"]
[SourceQuality "1"]

1. e4 d6 2. d4 g6 3. c4 Bg7 4. Nc3 Nf6 5. Be2 0-0 6. Nf3 c5 7. d5 a6 8. 0-0 Nfd7 9. Be3 Ne5 10. Nxe5 Bxe5 11. Bh6 Re8 12. Be3 Nd7 13. f4 Bg7 14. Qd2 Rb8 15. f5 Ne5 16. Bh6 Bd7 17. a4 Rf8 18. Ra3 Qa5 19. Qc1 Qd8 20. Nd1 b5 21. Rh3 Bf6 22. axb5 axb5 23. cxb5 c4 24. Bxf8 Qxf8 25. Nc3 g5 26. Rg3 Qg7 27. Qa1 h5 28. Qa7 Rc8 29. b6 Qf8 30. Ra1 h4 31. Re3 Nd3 32. Rxd3 cxd3 33. Bxd3 Bd4+ 34. Kh1 Bxb6 35. Qxb6 Rb8 36. Qf2 f6 37. Qe2 Be8 38. Bb5 Bf7 39. Bd7 Kh7 40. Rb1 Kh6 41. b4 Qd8 42. Bc6 Qb6 43. b5 Qd4 44. Qe1 Bh5 45. h3 g4 46. Nd1 gxh3 47. Qe3+ Qxe3 48. Nxe3 hxg2+ 49. Kxg2 Rg8+ 50. Kh2 Bf3 51. b6 Bxe4 52. Rg1 Rb8 53. b7 Bd3 54. Ra1 Kg5 55. Ra8 Rxb7 56. Bxb7 Kf4 57. Ra3 Kxe3 58. Ba6 Ke4 59. Rxd3 Kxf5 60. Re3 1-0

[Event "Bratislava-ch"]
[Site "Bratislava"]
[Date "2003.04.06"]
[Round "5"]
[White "Tomek, Stanislav"]
[Black "Jurcak, Marian"]
[Result "0-1"]
[WhiteElo "1607"]
[BlackElo "1847"]
[PlyCount "59"]
[EventDate "2003.03.??"]
[EventType "swiss"]
[EventRounds "9"]
[EventCountry "SVK"]
[SourceTitle "EXT 2006"]
[Source "ChessBase"]
[SourceDate "2005.11.24"]
[SourceVersion "1"]
[SourceVersionDate "2005.11.24"]
[SourceQuality "1"]

1. c4 e6 2. Nc3 d5 3. cxd5 exd5 4. d4 Nf6 5. g3 c6 6. Bg2 Bf5 7. e3 Bd6 8. Nge2 Qc8 9. 0-0 Bh3 10. a3 h5 11. Re1 Bxg2 12. Kxg2 h4 13. Ng1 hxg3 14. hxg3 Ng4 15. Nf3 Qf5 16. e4 Qh5 17. exd5+ Kd8 18. Nh4 Kc7 19. Rh1 Nd7 20. dxc6 bxc6 21. Ne4 Qd5 22. f3 Be7 23. Bf4+ Kb6 24. Qc2 Ngf6 25. Rhe1 Nh5 26. Nc3 Nxf4+ 27. Kh2 Qd6 28. Ne4 Qh6 29. Qb3+ Kc7 30. Kg1 0-1

[Event "Bratislava-ch"]
[Site "Bratislava"]
[Date "2003.04.05"]
[Round "4"]
[White "Jurcak, Marian"]
[Black "Piroha, Martin"]
[Result "1-0"]
[WhiteElo "1847"]
[BlackElo "1682"]
[PlyCount "47"]
[EventDate "2003.03.??"]
[EventType "swiss"]
[EventRounds "9"]
[EventCountry "SVK"]
[SourceTitle "EXT 2006"]
[Source "ChessBase"]
[SourceDate "2005.11.24"]
[SourceVersion "1"]
[SourceVersionDate "2005.11.24"]
[SourceQuality "1"]

1. c4 Nf6 2. Nc3 e6 3. e4 d5 4. e5 d4 5. exf6 dxc3 6. fxg7 cxd2+ 7. Bxd2 Bxg7 8. Qc2 Nc6 9. Rd1 Nd4 10. Qb1 c5 11. Bc3 Qe7 12. Ne2 e5 13. Ng3 0-0 14. Bd3 h6 15. 0-0 Bd7 16. Rde1 Qh4 17. Bf5 Bxf5 18. Nxf5 Nxf5 19. Qxf5 Qxc4 20. Bxe5 Bxe5 21. Qxe5 Qxa2 22. Re3 Rae8 23. Rg3+ Kh7 24. Qg7# 1-0

[Event "Bratislava-ch"]
[Site "Bratislava"]
[Date "2003.04.03"]
[Round "3"]
[White "Jambrich, Jaromir"]
[Black "Jurcak, Marian"]
[Result "1-0"]
[WhiteElo "1699"]
[BlackElo "1847"]
[PlyCount "105"]
[EventDate "2003.03.??"]
[EventType "swiss"]
[EventRounds "9"]
[EventCountry "SVK"]
[SourceTitle "EXT 2006"]
[Source "ChessBase"]
[SourceDate "2005.11.24"]
[SourceVersion "1"]
[SourceVersionDate "2005.11.24"]
[SourceQuality "1"]

1. d4 Nf6 2. c4 c5 3. Nf3 cxd4 4. Nxd4 g6 5. Nc3 Bg7 6. Bf4 0-0 7. e3 d6 8. Nb3 Nh5 9. Qc2 Nc6 10. a3 b6 11. Be2 Nxf4 12. exf4 Bb7 13. 0-0 Rc8 14. Rad1 a6 15. Qb1 Rc7 16. c5 Rd7 17. cxd6 Rxd6 18. Ne4 Rxd1 19. Rxd1 Qc7 20. g3 a5 21. Qc2 Qb8 22. Ned2 Rc8 23. Qb1 a4 24. Na1 Nd4 25. Bf1 Nf3+ 26. Nxf3 Bxf3 27. Re1 Qb7 28. Qd3 Bxb2 29. Nc2 Bf6 30. Ne3 Qc6 31. Bg2 Bxg2 32. Nxg2 e6 33. Ne3 Rd8 34. Qb1 Rd2 35. Ng4 Bg7 36. Rc1 Qd7 37. Ne3 b5 38. Qb4 Rb2 39. Qc5 Bf8 40. Qc3 Rb3 41. Qe5 Rxa3 42. Ng4 Bg7 43. Qb8+ Bf8 44. Nf6+ Kg7 45. Nxd7 Be7 46. Qxb5 Ra2 47. Qe5+ Kh6 48. g4 a3 49. g5+ Kh5 50. Qe4 Rb2 51. Qf3+ Kh4 52. Qg3+ Kh5 53. Qh3# 1-0

[Event "SVK-chT1W 0304"]
[Site "Slovakia"]
[Date "2003.??.??"]
[Round "1"]
[White "Jurcak, Marian"]
[Black "Curidlo, Jan"]
[Result "0-1"]
[WhiteElo "1885"]
[BlackElo "1890"]
[PlyCount "98"]
[EventDate "2003.10.??"]
[EventType "team"]
[EventRounds "9"]
[EventCountry "SVK"]
[SourceTitle "EXT 2007"]
[Source "ChessBase"]
[SourceDate "2006.11.23"]
[SourceVersion "1"]
[SourceVersionDate "2006.11.23"]
[SourceQuality "1"]

1. c4 Nf6 2. Nc3 g6 3. e4 d6 4. d4 Bg7 5. f3 Nbd7 6. Be3 a6 7. Qd2 0-0 8. Bh6 c5 9. Bxg7 Kxg7 10. d5 Qc7 11. 0-0-0 Rb8 12. g4 Qa5 13. h4 h5 14. g5 Ne8 15. f4 f5 16. exf5 Rxf5 17. Bh3 Nf8 18. Bxf5 Bxf5 19. Nge2 b5 20. Ng3 Bg4 21. Rde1 b4 22. Rxe7+ Kg8 23. Nce4 Qxa2 24. Qc2 Qa1+ 25. Kd2 Qa5 26. Nf6+ Nxf6 27. gxf6 Rd8 28. Rhe1 Bd7 29. Rg7+ Kh8 30. Ree7 Be8 31. Nxh5 b3+ 32. Qc3 Qxc3+ 33. Kxc3 gxh5 34. Kxb3 Bg6 35. Ra7 Bf5 36. Rxa6 Nh7 37. Rg1 Nxf6 38. Ka3 Ne4 39. Ra7 Bg4 40. Re1 Re8 41. b4 cxb4+ 42. Kxb4 Rb8+ 43. Ka5 Nc5 44. Ree7 Bf5 45. Rf7 Bc2 46. Rae7 Bd3 47. Rf6 Bxc4 48. Rh6+ Kg8 49. Rxh5 Rb5# 0-1